| 000 | 00635nam a22001937a 4500 | ||
|---|---|---|---|
| 003 | URS | ||
| 005 | 20260225141016.0 | ||
| 008 | 260223b |||||||| |||| 00| 0 eng d | ||
| 020 | _a9786210209617 | ||
| 040 | _cURS | ||
| 050 |
_aKPM 2610 _b.M764 2021 |
||
| 100 | _aMontemayor, Jose C. JR. | ||
| 245 |
_aThe Data privacy law national and international perspectives (with implementing rules and regulations / _cDr./Atty. Jose C. Montemayor, Jr. |
||
| 250 | _a2021 Edition.-- | ||
| 264 |
_aQuezon City : _bCentral Book Supply, Inc., _c© 2021. |
||
| 300 |
_ax, 128 pages : _c24 cm. |
||
| 650 | _a Records management | ||
| 942 |
_2lcc _cF |
||
| 999 |
_c98714 _d98711 |
||